Lively cities: Reconfiguring urban ecology (Record no. 1224972)

MARC details
000 -LEADER
fixed length control field 00622nam a2200217Ia 4500
005 - DATE AND TIME OF LATEST TRANSACTION
control field 20241129104228.0
008 - FIXED-LENGTH DATA ELEMENTS--GENERAL INFORMATION
fixed length control field 241129s9999||||xx |||||||||||||| ||und||
020 ## - INTERNATIONAL STANDARD BOOK NUMBER
International Standard Book Number 9781517912567
037 ## - SOURCE OF ACQUISITION
Stock number Textual
040 ## - CATALOGING SOURCE
Original cataloging agency RTL
Language of cataloging eng
Transcribing agency RTL
041 ## - LANGUAGE CODE
Language code of text/sound track or separate title eng
Source of code eng
084 ## - COLON CLASSIFICATION NUMBER
Classification number U43:(G:5) R3
Assigning agency RTL
100 ## - MAIN ENTRY--PERSONAL NAME
Personal name Barua Maan
9 (RLIN) 725329
245 #0 - TITLE STATEMENT
Title Lively cities: Reconfiguring urban ecology
Statement of responsibility, etc. Barua Maan
260 ## - PUBLICATION, DISTRIBUTION, ETC.
Place of publication, distribution, etc. London
Name of publisher, distributor, etc. University of Minnesota Press
Date of publication, distribution, etc. 2023
300 ## - PHYSICAL DESCRIPTION
Extent 372p.
365 ## - TRADE PRICE
Price type code INR
Price amount 2508.6
650 ## - SUBJECT ADDED ENTRY--TOPICAL TERM
Topical term or geographic name entry element Cities- Ecology
9 (RLIN) 725330
942 ## - ADDED ENTRY ELEMENTS (KOHA)
Koha item type Textbook
Classification part U43:(G:5) R3
Holdings
Withdrawn status Lost status Damaged status Not for loan Home library Current library Date acquired Source of acquisition Cost, normal purchase price Inventory number Total Checkouts Full call number Barcode Date last seen Date last checked out Price effective from Koha item type
        Ratan Tata Library Ratan Tata Library 2024-11-29 Shivam book service 2508.60 104 & 20/12/2023 2 U43:(G:5) R3 RT1502908 2026-03-11 2026-03-05 2024-11-29 Textbook
Copyright @ Delhi University Library System